000
00326nam a2200133Ia 4500
008
240624s9999 xx 000 0 und d
041
_a
eng
082
_a
153 HOL
100
_a
HOLLAND JOHN H
245
_a
INDUCTION PROCESSES OF INFERENCE LEARNIN
260
_c
1989
_a
London
_b
MIT Press
300
_a
416 : p.
365
_c
_b
25
999
_c
18031
_d
18031